Online
Catalog

Los tres cerditos / (Record no. 44790)

MARC details
000 -CABECERA
campo de control de longitud fija 00647nam a2200193 a 4500
001 - NÚMERO DE CONTROL
campo de control 000045301
005 - FECHA Y HORA DE LA ÚLTIMA TRANSACCIÓN
campo de control 20201002050038.0
008 - DATOS DE LONGITUD FIJA--INFORMACIÓN GENERAL
campo de control de longitud fija 150225s200u dr a 000 j spa d
020 ## - NÚMERO INTERNACIONAL ESTÁNDAR DEL LIBRO
Número Internacional Estándar del Libro 9945406191
020 ## - NÚMERO INTERNACIONAL ESTÁNDAR DEL LIBRO
Número Internacional Estándar del Libro 9945406167
040 ## - FUENTE DE LA CATALOGACIÓN
Centro catalogador/agencia de origen DO-SdBNP
Lengua de catalogación spa
Centro/agencia transcriptor BNPHU
245 04 - MENCIÓN DE TÍTULO
Título Los tres cerditos /
Mención de responsabilidad, etc. ilustraciones Juan Pablo Félix; diseño gráfico Niurka Pérez de Paulino.
260 ## - PUBLICACIÓN, DISTRIBUCIÓN, ETC.
Lugar de publicación, distribución, etc. Santo Domingo, :
Nombre del editor, distribuidor, etc. Tobogan
-- Fondo editorial,
Fecha de publicación, distribución, etc. 200u.
300 ## - DESCRIPCIÓN FÍSICA
Extensión 6 p. :
Otras características físicas il. ;
Dimensiones 14 cm.
490 1# - MENCIÓN DE SERIE
Mención de serie Cuentos de siempre
700 1# - PUNTO DE ACCESO ADICIONAL--NOMBRE DE PERSONA
Nombre de persona Félix, Juan Pablo
Término indicativo de función/relación il.
9 (RLIN) 73311
700 1# - PUNTO DE ACCESO ADICIONAL--NOMBRE DE PERSONA
Nombre de persona Pérez de Paulino, Niurka
Término indicativo de función/relación dis.
9 (RLIN) 73321
830 #0 - PUNTO DE ACCESO ADICIONAL DE SERIE-TÍTULO UNIFORME
Título uniforme Cuentos de siempre
9 (RLIN) 73322
Holdings
Estado de retiro Estado de pérdida No para préstamo Código de colección Localización permanente Ubicación/localización actual Ubicación en estantería Fecha de adquisición Número de inventario Total de préstamos Signatura topográfica completa Código de barras Fecha visto por última vez Precio válido a partir de Tipo de ítem Koha Número de copia
    Excluido de préstamo Patrimonio Dominicano Patrimonio Dominicano Patrimonio Dominicano En catalogación 25.02.2015 LF1   45301-10 25.06.2020 25.06.2020 Libro y Folleto Colección Patrimonio Dominicano  
    Excluido de préstamo Patrimonio Dominicano Patrimonio Dominicano Patrimonio Dominicano En catalogación 25.02.2015 LF1   45301-20 25.06.2020 25.06.2020 Libro y Folleto Colección Patrimonio Dominicano e. 2

Powered by Koha